Online
Catalog

A digest of international law / (Record no. 35764)

MARC details
000 -CABECERA
campo de control de longitud fija 00918nam a2200169 a 4500
001 - NÚMERO DE CONTROL
campo de control 000036273
005 - FECHA Y HORA DE LA ÚLTIMA TRANSACCIÓN
campo de control 20240508200520.0
008 - DATOS DE LONGITUD FIJA--INFORMACIÓN GENERAL
campo de control de longitud fija 120112s1906 xxu 000 0 eng d
040 ## - FUENTE DE LA CATALOGACIÓN
Centro catalogador/agencia de origen DO-SdBNP
Lengua de catalogación spa
Centro/agencia transcriptor BNPHU
100 1# - ENTRADA PRINCIPAL--NOMBRE DE PERSONA
Nombre de persona Moore, John Bassett
9 (RLIN) 62388
245 10 - MENCIÓN DE TÍTULO
Título A digest of international law /
Mención de responsabilidad, etc. by John Bassett Moore.
260 ## - PUBLICACIÓN, DISTRIBUCIÓN, ETC.
Lugar de publicación, distribución, etc. Washington :
Nombre del editor, distribuidor, etc. Government Printing Officce,
Fecha de publicación, distribución, etc. 1906.
300 ## - DESCRIPCIÓN FÍSICA
Extensión v-.
500 ## - NOTA GENERAL
Nota general Biblioteca tiene v.3
500 ## - NOTA GENERAL
Nota general Inspiradas en las discusiones diplomáticas, tratados y otros acuerdos internacionales, premios internacionales, las decisiones de los tribunales municipales y los escritos de los juristas,en especial en los documentos, publicados y no publicados, emitidos por los presidentes y secretarios de Estado de los Estados Unidos, las opiniones de los fiscales generales, y las decisiones de los tribunales, federales y estatales
650 20 - PUNTO DE ACCESO ADICIONAL DE MATERIA--TÉRMINO DE MATERIA
Término de materia o nombre geográfico como elemento de entrada Derecho internacional
9 (RLIN) 3258
Holdings
Estado de retiro Estado de pérdida Restricciones de uso No para préstamo Código de colección Localización permanente Ubicación/localización actual Ubicación en estantería Fecha de adquisición Número de inventario Total de préstamos Signatura topográfica completa Código de barras Fecha visto por última vez Precio válido a partir de Tipo de ítem Koha
      Excluido de préstamo Monografías: Libros y Folletos General General En catalogación 12.01.2012 LF1   36273-10 25.06.2020 25.06.2020 No se presta

Powered by Koha